The answer is a number - Statistics

General Stats
  • This quiz has been taken 1,026 times
  • The average score is 16 of 19
Answer Stats
Hint Answer % Correct
Number of hours in a day? 24
99%
A century 100
95%
Number of days in September 30
95%
How many heads are better than one? 2
94%
Square root of 25 5
93%
XVII 17
90%
Number of degrees in a circle 360
90%
Number of States in the USA 50
90%
Start again - back to square what? 1
89%
Snow White and how many dwarves? 7
89%
According to the Beatles how many days in a week? 8
86%
Baker's Dozen 13
84%
How many days of Christmas? 12
83%
Number of wives Henry VIII had 6
83%
How many weddings and a funeral? 4
80%
According to the proverb - a stitch in time saves what? 9
71%
How many in a score 20
70%
Big brother is watching you in this year 1984
60%
Number in Downing Street where UK Prime Minister Lives 10
58%
No matching quizzes found
Score Distribution
Percent of People with Each Score
Percentile by Number Answered
Your Score History
You have not taken this quiz